| 000 | 00992nam a22003137a 4500 | ||
|---|---|---|---|
| 003 | CHAP | ||
| 005 | 20220329140438.0 | ||
| 008 | 971013s1969 r 00010 d | ||
| 010 | _a52085 | ||
| 011 | _a53057 | ||
| 035 | _a57207 | ||
| 040 | _cCHAP | ||
| 082 |
_a636.0897 _bW5Y |
||
| 100 | 0 | 0 |
_aWinter, Hans. _9122305 |
| 245 | _aGuía para la necropsia de los rumiantes domésticos | ||
| 260 |
_aZaragoza : _bAcribia, _c(1969) |
||
| 300 |
_a118 p. _b: ilus. |
||
| 590 |
_aBATCH-UPD _b10 _c20130110 _lUCH01 _h0413 |
||
| 590 |
_aBATCH-UPD _b10 _c20130110 _lUCH01 _h2147 |
||
| 590 |
_aBATCH-UPD _b10 _c20130410 _lUCH01 _h0047 |
||
| 590 |
_aBATCH-UPD _b10 _c20130914 _lUCH01 _h0941 |
||
| 590 |
_aCONVERSION _b10 _c20130109 _lUCH01 _h1328 |
||
| 650 | 1 | 4 |
_aCirugía veterinaria. _923436 |
| 650 | 1 | 4 |
_aRumiantes _xAnatomía y fisiología. _9100843 |
| 650 | 1 | 4 |
_aVeterinaria. _9118987 |
| 901 | _aBK | ||
| 942 | _cLIBRO | ||
| 949 |
_a636.0897 W5Y _bBC _cLIBRO _d33724000265310 _eLIBRO _h13546 _i57207 _si _t250.00 |
||
| 999 |
_c52085 _d52085 |
||